Gaming Quiz

Random Gaming or Marvel Quiz

Name the characters from Marvel Future Fight Quiz Stats

Quiz not verified by Sporcle

Challenge
Share
Tweet
Embed
Score 0/134 Timer 18:00
1 Play Today
Hint Answer % Correct
The amazing friendly neighborhoodSpider-Man
97.4%
He has adamantium skeletonWolverine
96.4%
For Asgard !Thor
93.3%
Smash !Hulk
92.8%
Genius, billionaire, playboy, philanthropistIron Man
91.8%
Blue and furry X-MenBeast
90.9%
Blasts lasers with his eyesCyclops
90.9%
Avatar of the PhoenixJean Grey
90.9%
Master of magnetismMagneto
90.9%
The weather witchStorm
89.1%
Russian spyBlack Widow
88.7%
X-Woman, don't touch herRogue
85.5%
Language !Captain America
85.1%
Programmed by UltronVision
83.1%
Blind LawyerDaredevil
83.1%
Better clench up, LegolasHawkeye
80%
King of WakandaBlack Panther
79%
Oscorp CEOGreen Goblin
77.4%
God of mischiefLoki
76.4%
Has 4 tentaclesDoctor Octopus
76.4%
You've just been STUNG !Wasp
75.9%
Spidey's enemy made of sandSandman
74.5%
Black symbioteVenom
74.4%
What is a 'raccoon' ?Rocket Raccoon
73.8%
Is it too late to change the name ?Ant Man
71.3%
Stark's best friendWarmachine
71.3%
Inhumans queenMedusa
69.2%
Spidey's enemy with a hornRhino
69.1%
Sidekick of Captain America during WWIIWinter Soldier
68.7%
Head of a criminal organisationKingpin
68.7%
Hail Hydra !Red Skull
68.2%
Big green lawyerShe-Hulk
68.2%
Spidey's enemy, flying sinister sixVulture
67.3%
Has the infinity gauntletThanos
67.2%
Has a squirrel named Tippy-ToeSquirrel Girl
66.7%
He came to bargainDoctor Strange
66.4%
Ant Man's nemesisYellowjacket
65.1%
Doctor Strange's sidekick and valetWong
65.1%
Young archer AvengerHawkeye (Kate Bishop)
65%
Female asgardian warriorLady Sif
64.6%
Daredevil's love interestElektra
64.6%
Asgardian armorDestroyer
64.1%
Spidey's enemy, the hunterKraven
63.6%
Shield agent, love interest of Captain AmericaAgent 13
63.6%
Flaming skull in a carGhost Rider
63.5%
Hint Answer % Correct
Kree accuserRonan The Accuser
62.6%
Sister of MedusaCrystal
62.5%
Love interest of Doctor StrangeClea
62.3%
Thief, Spidey's love interestBlack Cat
62.1%
King of AttilanBlack Bolt
62.1%
He's a very big guyGiant Man
62.1%
Most dangerous woman in the universeGamora
61%
Evil brother of Black BoltMaximus
60.7%
Big head, member of AIMM.O.D.O.K.
60.5%
He once killed ElektraBullseye
60.5%
Luke Cage's love interestJessica Jones
60%
Shield's agent, he's not really deadPhil Coulson
59.5%
The daywalkerBlade
59.5%
Cat friend of Jessica JonesHellcat
58.9%
I am...Groot
58.5%
Big armor named VeronicaHulkbuster
57.9%
Sweet Christmas !Luke Cage
57.9%
The allfatherOdin
57.7%
Doctor Strange's mentorAncient One
56.8%
Love interest of Thor, worthy of MjolnirThor (Jane Foster)
56.4%
There is only one path to peace... your extinction.Ultron
56.4%
Love interest of HawkeyeMockingbird
55.9%
Deadpool version of Gwen Stacy ?Gwenpool
55.9%
New Marvel NOW! Iron ManIronheart
55.6%
Doctor Strange's nemesisBaron Mordo
55.5%
Son of SatanHellstorm
55.5%
Shield's agent, daughter of Mr HydeDaisy Johnson
55.4%
King of the dark elves from SvartalfheimMalekith
55.4%
US airforce pilotCaptain Marvel
54.9%
Son of the Scarlet Witch, member of the young avengersWiccan
54.9%
Daughter of SatanSatana
54.8%
Goddess of HelHela
54.6%
Spidey's enemy illusionistMysterio
54.5%
Inhuman expert in martial artsKarnak
54.5%
New inhuman on fireInferno
54.5%
The only destroyerDrax
54.4%
Inhuman who has taken Carol Danvers' aliasMs. Marvel
53.8%
Dark dimension rulerDormammu
53.6%
On your left !Falcon
53.3%
Possessed by the spirit of ZarathosGhost Rider
53.3%
Daughter of the Red SkullSin
52.8%
Vilain that can absorb what he touchesAbsorbing Man
52.7%
Master of Kung FuShang Chi
52.6%
Has been bite by the same spider than Spider-ManSilk
52.3%
Leader of the RavagersYondu
52.3%
Hint Answer % Correct
Inhuman warriorGorgon
51.8%
Sorceress AmoraEnchantress
51.5%
A young avenger SkrullHulkling
51.3%
Woman who has a bionic armMisty Knight
51.3%
She's a telepath in the black order of ThanosSupergiant
50.8%
Child who has Devil Dinosaur as a petMoon Girl
50%
Serial killer, ennemy of SpideyCarnage
49.7%
Daughter of Captain AmericaSharon Rogers
49.7%
One bullet, one shotPunisher
49.7%
Main villain in Doctor Strange movieKaecilius
49.3%
Webhead from the futureSpider-Man 2099
49.1%
Russian scientist who hates Tony StarkWhiplash
49%
The son of J'son from SpartaxStar-Lord
48.7%
Big guy from the black order of ThanosBlack Dwarf
48.7%
Asgardian member of the guardians of the galaxy, sister of ThorAngela
48.2%
He's the 7th smartest personAmadeus Cho
48.2%
Sorceress, member of the runawaysSister Grimm
47.7%
Ultimate, from the spiderverseMiles Morales
47.7%
Kid that summons monstersKid Kaiju
47.7%
Empathic guardian of the galaxyMantis
47.7%
The living weaponIron Fist
47.2%
Genius from the black order of ThanosEbony Maw
46.7%
Space pirate, ennemy of the guardians of the galaxyNebula
46.2%
The troll, enemy of ThorUlik
46.2%
General from the black order of ThanosCorvus Glaive
45.6%
Wife of the Absorbing ManTitania
45.5%
Mercenary of HydraCrossbones
45.1%
A-Force member found by Nico MinoruSingularity
44.6%
She's a vampire slayerElsa Bloodstone
44.6%
Leader of the ThunderboltsRed Hulk
43.6%
Inhuman, friend of Daisy JohnsonLincoln Campbell
42.6%
The voluminousVolstagg
42.3%
Member of the howling commandosWarwolf
42.1%
Member of squadron supremeHyperion
41.5%
Female member of the ThunderboltsSongbird
41.5%
The grimHogun
41.5%
The dashingFandral
40.8%
She's got her power from an amuletWhite Tiger
40.5%
Has been resurrected by KhonshuMoon Knight
39.5%
Drummer of The Mary JanesSpider-Gwen
39.5%
Project centipedeDeathlok
38.5%
Member of the black order of Thanos, has a spear forged in a starProxima Midnight
38.5%
Has lost his legs in a warAgent Venom
36.5%
Inhumans arch nemesisLash
35.4%

You're not logged in!

Compare scores with friends on all Sporcle quizzes.
Sign Up with Email
OR
Log In

You Might Also Like...

Show Comments

Extras

Top Quizzes Today


Score Distribution

Your Account Isn't Verified!

In order to create a playlist on Sporcle, you need to verify the email address you used during registration. Go to your Sporcle Settings to finish the process.